Obchodné podnikanie - základné kategórie a vzťahy

Definície podnikania a súvisiace vzťahy. Podnikateľ - vlastnosti a charakteristika. Motivačné pôsobenie podnikania. Črty úspešného podniku. Mýty o podnikateľoch.

Salvato in:
Dettagli Bibliografici
Autore principale: Strážovská, Helena
Natura: Capitolo di libro
Lingua:slovacco
Soggetti:
Tags: Aggiungi Tag
Nessun Tag, puoi essere il primo ad aggiungerne!!

MARC

LEADER 00000naa a2200000 4500
001 0172170
005 20240502072943.5
041 0 |a slo 
044 |a SK 
245 1 0 |a Obchodné podnikanie - základné kategórie a vzťahy  |c Helena Strážovská 
520 |a Definície podnikania a súvisiace vzťahy. Podnikateľ - vlastnosti a charakteristika. Motivačné pôsobenie podnikania. Črty úspešného podniku. Mýty o podnikateľoch. 
610 2 0 |a podnikanie obchodné 
610 2 0 |a podnikatelia 
610 2 0 |a podnik 
610 2 0 |a riadenie 
610 2 0 |a motivácia 
100 1 |a Strážovská, Helena